Musique par lettre - B - Statistiques

Statistiques générales
  • Ce quiz a été pris 8 139 fois
  • Le résultat moyen est 10 sur 15
Statistiques - réponses
Questions Réponses % Correct
Chanteuse américaine internationalement connue, surnommée "Queen B" Beyoncé
87%
Terme utilisé pour désigner un groupe de jeunes garçons, à l'image très médiatisée et contrôlée, chantant le plus souvent en harmonie Boys Band
87%
Chanson du groupe Queen qui mêle opéra et rock sortie en 1975 Bohemian Rhapsody
84%
Groupe de pop-rock français, "Dis moi" et "Coups et blessures" sont deux de leurs tubes BB Brunes
83%
Groupe de K-Pop, composé de 7 membres : Jin, Suga, J-Hope, RM, Jimin, V et Jungkook BTS
80%
Chanteuse, sa chanson "L'Aigle Noir" est aussi le nom d'un de ses albums Barbara
72%
Chanteur français, auteur et interprète de "L'effet Papillon", "Le Dîner"... Bénabar
65%
Titre d'une chanson de Michael Jackson dont le clip raconte l'histoire d'une guerre de gang Beat it
58%
Chanteuse et actrice d'origine anglaise, compagne de Serge Gainsbourg pendant 10 ans Jane Birkin
56%
Titre de la seule chanson connue de Patrick Hernandez Born to be alive
54%
Groupe californien des années 60 et 70 associé à la "surf music" The Beach Boys
51%
Auteur-compositeur-interprète et guitariste français, moustachu, enterré à Sète George Brassens
50%
Instrument de musique à cordes, très utilisé dans le jazz et le bluegrass Banjo
45%
La chanson d'Enrique Iglesias parfaite pour DANSER, sortie en 2014 Bailando
41%
Groupe de trois frères ayant connu un grand succès lors de la vague disco Bee Gees
40%
Aucun quiz correspondant
Distribution des résultats
% des personnes avec chaque résultat
Percentile par nombre de réponses
Votre historique - résultats
Vous n’avez pas pris ce quiz